000
00273nam a2200121Ia 4500
008
180730s9999||||xx |||||||||||||| ||und||
082
_a
372.5
_b
APP/F
100
_a
Apple
245
0
_a
Final Cut Pro 6
260
_a
US
_b
Apple Comp. Inc.
_c
2007
300
_a
698p
942
_a
BK
999
_c
2201
_d
2201